Unusual Wikipedia Articles Quiz Stats

Quiz Updated Jul 2, 2016

Challenge
Share
Tweet
Embed
Score 0/20 Timer 04:00
7 Plays Today
% Correct
Paul is dead
93.4%
Beard tax
92.6%
Jimmy Carter rabbit incident
92.3%
Uncombable hair syndrome
91.4%
List of animals with fraudulent diplomas
90.6%
Jamaican national bobsled team
90.4%
Dancing Plague of 1518
89.3%
Cosmic latte
89.1%
Mary Ellis grave
88.9%
Hufu
88.2%
% Correct
Butt fumble
88.2%
Illegal prime
86.5%
Metal umlaut
85.9%
Bahia incident
84.7%
My Way killings
82.6%
Ghoti
76.8%
Jesus nut
76.2%
Acoustic Kitty
72.6%
Mongolian death worm
66%
Three Wolf Moon
59.5%

You're not logged in!

Compare scores with friends on all Sporcle quizzes.
Sign Up with Email
OR
Log In

You Might Also Like...

Show Comments

Extras

Top Quizzes Today


Score Distribution

Your Account Isn't Verified!

In order to create a playlist on Sporcle, you need to verify the email address you used during registration. Go to your Sporcle Settings to finish the process.